000
00333 a2200145 4500
001
169746
020
_a
040
_c
Magnum
100
_a
-
240
1
0
_a
Revista de educacao aec/epistemologia e educacao
_l
por
245
1
0
_a
Revista de educacao aec/epistemologia e educacao
362
0
_a
1899
697
_a
ENSINO
942
_c
BK
999
_c
169746
_d
169746